000 00540nam a2200193 a 4500
001 13709
003 CO-ViMGA
008 141112s2004 ck r 000 u spa d
020 _a9589037577
040 _aCO-ViMGA
_bspa
_cCO-ViMGA
082 0 4 _aESPjo
100 1 _aEspaña, Gonzalo
245 1 0 _aJose Celestino Mutis :
_bel sabio de la vacuna
260 _aSantafé de Bogotá :
_bColciencias,
_c1998
300 _a87
490 _aJuvenil de Colciencias
650 1 4 _aMUTIS, JOSE CELESTINO - LITERATURA JUVENIL
_920010
942 _2ddc
_cBK
999 _c24430
_d24430